[Event "Nationale pupillendag 2013"]
[Site "Roosendaal"]
[Date "2013.06.15"]
[Round "6.7"]
[White "Huang, Qian"]
[Black "Martinez, Sara"]
[Result "1-0"]
[LiveChessVersion "1.4.2"]
[BlackElo "319"]
[WhiteElo "686"]

1. e4 {[%clk 0:19:59]} c5 {[%clk 0:19:59]} 2. Nf3 {[%clk 0:19:57]} Nf6
{[%clk 0:19:57]} 3. d3 {[%clk 0:19:56]} Nc6 {[%clk 0:19:56]} 4. Nc3
{[%clk 0:19:54]} e5 {[%clk 0:19:54]} 5. g3 Be7 {[%clk 0:19:52]} 6. Bg2
{[%clk 0:19:46]} O-O {[%clk 0:19:49]} 7. O-O {[%clk 0:19:46]} d6 {[%clk 0:19:47]}
8. Be3 {[%clk 0:19:35]} Be6 {[%clk 0:19:44]} 9. a3 {[%clk 0:19:32]} a6
{[%clk 0:19:40]} 10. b3 {[%clk 0:19:14]} b5 {[%clk 0:19:39]} 11. a4
{[%clk 0:19:09]} bxa4 {[%clk 0:19:36]} 12. Rxa4 {[%clk 0:19:07]} Qd7
{[%clk 0:19:00]} 13. Qa1 {[%clk 0:18:58]} Qb7 {[%clk 0:18:54]} 14. Qa2
{[%clk 0:18:50]} Ng4 {[%clk 0:18:46]} 15. Ra1 {[%clk 0:18:45]} Nb8
{[%clk 0:18:43]} 16. Nb5 {[%clk 0:18:36]} axb5 {[%clk 0:18:40]} 17. Rxa8
{[%clk 0:18:35]} Nc6 {[%clk 0:18:23]} 18. Rxf8+ {[%clk 0:18:31]} Kxf8
{[%clk 0:18:21]} 19. h3 {[%clk 0:18:19]} Nxe3 {[%clk 0:18:19]} 20. fxe3
{[%clk 0:18:18]} g6 {[%clk 0:18:11]} 21. Qa8+ {[%clk 0:18:16]} Qxa8
{[%clk 0:18:07]} 22. Rxa8+ {[%clk 0:18:14]} Nd8 {[%clk 0:18:04]} 23. Kh2
{[%clk 0:18:03]} d5 {[%clk 0:17:54]} 24. Nxe5 {[%clk 0:17:57]} dxe4
{[%clk 0:17:52]} 25. Bxe4 {[%clk 0:17:52]} c4 {[%clk 0:17:46]} 26. bxc4
{[%clk 0:17:46]} bxc4 {[%clk 0:17:45]} 27. Nxc4 {[%clk 0:17:43]} Kg7
{[%clk 0:17:39]} 28. Ne5 {[%clk 0:17:32]} Bf6 {[%clk 0:17:33]} 29. d4
{[%clk 0:17:24]} h5 {[%clk 0:17:21]} 30. Bg2 {[%clk 0:17:12]} Bf5
{[%clk 0:17:09]} 31. c4 {[%clk 0:17:08]} Ne6 {[%clk 0:17:03]} 32. Ra7
{[%clk 0:16:53]} Bxe5 {[%clk 0:16:56]} 33. dxe5 {[%clk 0:16:49]} Nd8
{[%clk 0:16:46]} 34. Ra8 {[%clk 0:16:41]} Nb7 {[%clk 0:16:43]} 35. Bxb7
{[%clk 0:16:37]} f6 {[%clk 0:16:38]} 36. Ra7 {[%clk 0:16:34]} fxe5
{[%clk 0:16:35]} 37. Be4+ {[%clk 0:16:31]} Kf6 {[%clk 0:16:33]} 38. Ra6+
{[%clk 0:16:26]} Kg5 {[%clk 0:16:30]} 39. Bxf5 gxf5 {[%clk 0:16:27]} 40. Kg2
{[%clk 0:16:15]} f4 {[%clk 0:16:16]} 41. exf4+ exf4 42. h4+ {[%clk 0:16:08]} Kg4
{[%clk 0:16:12]} 43. c5 {[%clk 0:15:59]} fxg3 {[%clk 0:16:10]} 44. Ra4+ Kf5
{[%clk 0:16:06]} 45. Kxg3 {[%clk 0:15:53]} Ke6 {[%clk 0:15:54]} 46. c6
{[%clk 0:15:48]} Ke7 {[%clk 0:15:52]} 47. c7 {[%clk 0:15:43]} Kd7
{[%clk 0:15:50]} 48. Rc4 {[%clk 0:15:42]} Kc8 {[%clk 0:15:49]} 49. Kf4
{[%clk 0:15:38]} Kb7 {[%clk 0:15:46]} 50. c8=Q+ Kb6 {[%clk 0:15:44]} 51. Rb4+
{[%clk 0:15:30]} Ka5 {[%clk 0:15:42]} 52. Qb8 {[%clk 0:15:25]} Ka6
{[%clk 0:15:37]} 53. Qb6# {[%clk 0:15:23]} 1-0

[Event "Nationale pupillendag 2013"]
[Site "Roosendaal"]
[Date "2013.06.15"]
[Round "6.8"]
[White "Janse, Circe"]
[Black "Wingate, Alexa"]
[Result "1-0"]
[LiveChessVersion "1.4.2"]
[BlackElo "647"]
[WhiteElo "585"]

1. e4 {[%clk 0:19:58]} e5 {[%clk 0:19:59]} 2. Nf3 {[%clk 0:19:56]} Nc6
{[%clk 0:19:58]} 3. Bc4 {[%clk 0:19:54]} Nf6 {[%clk 0:19:55]} 4. d3
{[%clk 0:19:43]} Bc5 {[%clk 0:19:44]} 5. Nc3 {[%clk 0:19:41]} d6 {[%clk 0:19:38]}
6. Bg5 {[%clk 0:19:38]} O-O {[%clk 0:19:30]} 7. Nd5 {[%clk 0:19:34]} Bg4
{[%clk 0:18:46]} 8. Nxf6+ {[%clk 0:19:15]} gxf6 {[%clk 0:18:43]} 9. Bh6
{[%clk 0:19:08]} Re8 {[%clk 0:18:38]} 10. h3 {[%clk 0:19:03]} Be6
{[%clk 0:18:25]} 11. Bxe6 {[%clk 0:18:54]} fxe6 {[%clk 0:18:22]} 12. Nh4
{[%clk 0:18:44]} d5 {[%clk 0:17:53]} 13. Qg4+ {[%clk 0:18:38]} Kf7
{[%clk 0:17:47]} 14. Qg7# 1-0

[Event "Nationale pupillendag 2013"]
[Site "Roosendaal"]
[Date "2013.06.15"]
[Round "6.9"]
[White "Van Steenoven, Luuk"]
[Black "Piersma, Wisse"]
[Result "1/2-1/2"]
[LiveChessVersion "1.4.2"]
[BlackElo "602"]
[WhiteElo "939"]

1. e4 {[%clk 0:19:58]} e5 {[%clk 0:19:58]} 2. Bc4 {[%clk 0:19:57]} Nc6
{[%clk 0:19:53]} 3. Nf3 {[%clk 0:19:52]} Bc5 {[%clk 0:19:43]} 4. Nc3
{[%clk 0:19:40]} Nf6 {[%clk 0:19:22]} 5. O-O {[%clk 0:19:31]} O-O
{[%clk 0:19:14]} 6. d3 {[%clk 0:19:24]} h6 {[%clk 0:19:08]} 7. Be3
{[%clk 0:19:23]} d6 {[%clk 0:19:05]} 8. h3 {[%clk 0:19:20]} Be6 {[%clk 0:19:03]}
9. Re1 {[%clk 0:18:55]} Bxc4 {[%clk 0:18:46]} 10. dxc4 {[%clk 0:18:48]} Bb4
{[%clk 0:18:29]} 11. Qd2 {[%clk 0:18:36]} Nxe4 {[%clk 0:18:12]} 12. Qd3
{[%clk 0:18:30]} Bxc3 {[%clk 0:17:40]} 13. bxc3 {[%clk 0:18:23]} Nf6
{[%clk 0:17:03]} 14. c5 {[%clk 0:18:19]} e4 {[%clk 0:16:31]} 15. Qe2
{[%clk 0:18:02]} exf3 {[%clk 0:16:25]} 16. Qxf3 {[%clk 0:18:00]} Ne5
{[%clk 0:15:55]} 17. Qg3 {[%clk 0:17:56]} Ng6 {[%clk 0:15:23]} 18. Rad1
{[%clk 0:17:48]} Ne4 {[%clk 0:14:57]} 19. Qf3 {[%clk 0:17:34]} Nxc3
{[%clk 0:14:41]} 20. Rd3 {[%clk 0:17:25]} Nxa2 {[%clk 0:14:27]} 21. cxd6
{[%clk 0:17:20]} Nb4 {[%clk 0:14:09]} 22. dxc7 {[%clk 0:17:16]} Qxc7
{[%clk 0:13:53]} 23. Rb3 {[%clk 0:16:56]} Nxc2 {[%clk 0:13:39]} 24. Rc1
{[%clk 0:16:46]} Qc4 {[%clk 0:12:52]} 25. Rb2 {[%clk 0:16:42]} Ne5
{[%clk 0:12:26]} 26. Qg3 {[%clk 0:16:36]} Ng6 {[%clk 0:11:03]} 27. Rbxc2
{[%clk 0:16:33]} Qe6 {[%clk 0:10:43]} 28. Rc7 {[%clk 0:16:18]} Rac8
{[%clk 0:10:16]} 29. Bxa7 {[%clk 0:15:53]} Rxc7 {[%clk 0:10:03]} 30. Rxc7
{[%clk 0:15:48]} Ra8 {[%clk 0:09:29]} 31. Rxb7 {[%clk 0:15:38]} 1/2-1/2

[Event "Nationale pupillendag 2013"]
[Site "Roosendaal"]
[Date "2013.06.15"]
[Round "6.10"]
[White "Beukema, Constantijn"]
[Black "Pham, Khoi"]
[Result "0-1"]
[LiveChessVersion "1.4.2"]
[BlackElo "948"]
[WhiteElo "516"]

1. e4 {[%clk 0:19:59]} e5 {[%clk 0:20:00]} 2. Nf3 {[%clk 0:19:57]} Nc6
{[%clk 0:19:58]} 3. Nc3 {[%clk 0:19:55]} Nf6 {[%clk 0:19:57]} 4. d4
{[%clk 0:19:52]} exd4 {[%clk 0:19:55]} 5. Nxd4 {[%clk 0:19:50]} Bc5
{[%clk 0:19:37]} 6. Nxc6 bxc6 7. Bc4 {[%clk 0:19:38]} O-O {[%clk 0:19:24]} 8. O-O
{[%clk 0:19:35]} d5 {[%clk 0:19:23]} 9. exd5 {[%clk 0:19:33]} cxd5
{[%clk 0:19:21]} 10. Bxd5 {[%clk 0:19:28]} Rb8 {[%clk 0:18:52]} 11. Be3
{[%clk 0:19:04]} Bg4 {[%clk 0:18:14]} 12. f3 {[%clk 0:18:59]} Bxe3+
{[%clk 0:18:12]} 13. Kh1 {[%clk 0:18:57]} Bf5 {[%clk 0:17:51]} 14. Re1
{[%clk 0:18:47]} Bb6 {[%clk 0:17:30]} 15. Be4 {[%clk 0:18:22]} Qxd1
{[%clk 0:17:16]} 16. Rexd1 {[%clk 0:18:18]} Nxe4 {[%clk 0:17:07]} 17. Nxe4
{[%clk 0:17:59]} Rfe8 {[%clk 0:16:37]} 18. Re1 {[%clk 0:17:51]} h6
{[%clk 0:16:12]} 19. Ng3 {[%clk 0:17:45]} Bxc2 {[%clk 0:16:04]} 20. Rxe8+
{[%clk 0:17:38]} Rxe8 {[%clk 0:16:02]} 21. Rc1 {[%clk 0:17:29]} Bg6
{[%clk 0:15:59]} 22. Rc3 {[%clk 0:17:18]} Re1+ {[%clk 0:15:57]} 23. Nf1 Rxf1# 0-1

[Event "Nationale pupillendag 2013"]
[Site "Roosendaal"]
[Date "2013.06.15"]
[Round "6.11"]
[White "Kien, Clovis"]
[Black "Van Cleef, Matteo"]
[Result "0-1"]
[LiveChessVersion "1.4.2"]
[BlackElo "683"]
[WhiteElo "687"]

1. e4 {[%clk 0:19:59]} e5 2. Nf3 {[%clk 0:19:56]} Nc6 {[%clk 0:19:58]} 3. Nc3
{[%clk 0:19:53]} Nf6 {[%clk 0:19:55]} 4. Bb5 {[%clk 0:19:50]} a6 {[%clk 0:19:26]}
5. Bxc6 {[%clk 0:19:46]} dxc6 {[%clk 0:19:19]} 6. Nxe5 {[%clk 0:19:44]} Qd4
{[%clk 0:19:10]} 7. Nf3 {[%clk 0:19:40]} Qd8 {[%clk 0:18:53]} 8. d4
{[%clk 0:19:24]} Bb4 {[%clk 0:18:36]} 9. Bg5 {[%clk 0:19:17]} h6 {[%clk 0:18:22]}
10. Bh4 {[%clk 0:19:07]} g5 {[%clk 0:18:11]} 11. Bg3 {[%clk 0:19:06]} Nxe4
{[%clk 0:18:06]} 12. Qd3 {[%clk 0:18:50]} Nxc3 13. bxc3 {[%clk 0:18:44]} Ba5
{[%clk 0:17:42]} 14. O-O {[%clk 0:18:38]} Be6 {[%clk 0:17:22]} 15. Rfe1
{[%clk 0:18:30]} Qe7 {[%clk 0:17:07]} 16. Rab1 {[%clk 0:18:06]} Bb6
{[%clk 0:16:59]} 17. c4 {[%clk 0:17:57]} O-O-O {[%clk 0:15:27]} 18. c5
{[%clk 0:17:37]} Ba5 {[%clk 0:15:07]} 19. Re2 {[%clk 0:17:28]} f6
{[%clk 0:14:28]} 20. Qa3 {[%clk 0:16:50]} Qf7 {[%clk 0:13:54]} 21. Qxa5
{[%clk 0:16:39]} Bxa2 22. Qb4 {[%clk 0:16:11]} Bxb1 {[%clk 0:13:40]} 23. Qxb1
{[%clk 0:16:05]} Rhe8 {[%clk 0:13:29]} 24. Rd2 {[%clk 0:15:57]} Qe7
{[%clk 0:12:50]} 25. Qb4 {[%clk 0:15:31]} Qe1+ {[%clk 0:12:40]} 26. Nxe1
{[%clk 0:15:24]} Rxe1# 0-1

[Event "Nationale pupillendag 2013"]
[Site "Roosendaal"]
[Date "2013.06.15"]
[Round "6.12"]
[White "Sahin, Loran"]
[Black "Reina, Leon"]
[Result "1-0"]
[LiveChessVersion "1.4.2"]
[BlackElo "738"]
[WhiteElo "543"]

1. d4 {[%clk 0:19:57]} d5 {[%clk 0:19:59]} 2. Nf3 {[%clk 0:19:47]} Nc6
{[%clk 0:19:57]} 3. Nc3 {[%clk 0:19:44]} Nf6 {[%clk 0:19:55]} 4. Bf4
{[%clk 0:19:39]} a6 {[%clk 0:19:46]} 5. e3 {[%clk 0:19:36]} Bf5 {[%clk 0:19:44]}
6. g3 {[%clk 0:19:30]} Bg4 {[%clk 0:19:42]} 7. Bg2 {[%clk 0:19:26]} Ne4
{[%clk 0:19:40]} 8. h3 {[%clk 0:19:09]} Bxf3 {[%clk 0:19:25]} 9. Bxf3
{[%clk 0:19:05]} Nxc3 {[%clk 0:19:23]} 10. bxc3 {[%clk 0:19:03]} e6
{[%clk 0:19:20]} 11. O-O {[%clk 0:18:45]} g5 {[%clk 0:19:08]} 12. Be5
{[%clk 0:18:40]} Nxe5 {[%clk 0:19:03]} 13. dxe5 {[%clk 0:18:36]} Bg7
{[%clk 0:19:01]} 14. Qd4 {[%clk 0:18:17]} O-O {[%clk 0:18:42]} 15. Rab1
{[%clk 0:18:06]} b6 {[%clk 0:18:38]} 16. c4 {[%clk 0:17:55]} c6 {[%clk 0:18:22]}
17. cxd5 {[%clk 0:17:35]} cxd5 {[%clk 0:18:20]} 18. Rxb6 {[%clk 0:17:29]} Qc7
{[%clk 0:18:00]} 19. Rfb1 {[%clk 0:17:19]} Bxe5 {[%clk 0:17:52]} 20. Qg4
{[%clk 0:16:53]} Qxc2 {[%clk 0:17:29]} 21. Qxg5+ {[%clk 0:16:41]} Qg6
{[%clk 0:17:21]} 22. Qxe5 {[%clk 0:16:24]} Rac8 {[%clk 0:16:44]} 23. Bh5
{[%clk 0:15:55]} Qh6 {[%clk 0:15:51]} 24. Rxa6 {[%clk 0:15:24]} f5
{[%clk 0:14:49]} 25. Ra7 {[%clk 0:14:20]} Ra8 {[%clk 0:13:43]} 26. Bf7+
{[%clk 0:13:12]} Rxf7 {[%clk 0:13:37]} 27. Rxf7 {[%clk 0:13:09]} Kxf7
{[%clk 0:13:36]} 28. Rb7+ {[%clk 0:13:06]} Kg6 {[%clk 0:13:17]} 29. Qxe6+
{[%clk 0:13:01]} Kg5 {[%clk 0:13:15]} 30. h4+ {[%clk 0:12:51]} Kh5 31. Qxf5+
{[%clk 0:12:41]} Qg5 {[%clk 0:12:30]} 32. Qxg5# 1-0

[Event "Nationale pupillendag 2013"]
[Site "Roosendaal"]
[Date "2013.06.15"]
[Round "6.13"]
[White "Roskam, Boaz"]
[Black "Sterkendries, Lobke"]
[Result "1-0"]
[LiveChessVersion "1.4.2"]
[BlackElo "282"]
[WhiteElo "343"]

1. e4 {[%clk 0:19:59]} e5 {[%clk 0:19:59]} 2. Qh5 {[%clk 0:19:58]} g6
{[%clk 0:19:56]} 3. Qxe5+ {[%clk 0:19:56]} Be7 {[%clk 0:19:54]} 4. Qxh8
{[%clk 0:19:55]} Nc6 {[%clk 0:19:47]} 5. Qxg8+ {[%clk 0:19:52]} Bf8
{[%clk 0:19:45]} 6. Bc4 {[%clk 0:19:39]} Ne5 {[%clk 0:19:42]} 7. Bd5
{[%clk 0:19:28]} c6 {[%clk 0:19:36]} 8. Bb3 {[%clk 0:19:24]} Qb6 {[%clk 0:19:22]}
9. Nf3 {[%clk 0:19:18]} g5 {[%clk 0:19:13]} 10. Nxe5 {[%clk 0:19:15]} f6
{[%clk 0:19:03]} 11. Qf7+ {[%clk 0:19:12]} Kd8 {[%clk 0:18:57]} 12. Qxf8+
{[%clk 0:19:06]} Kc7 {[%clk 0:18:54]} 13. d3 {[%clk 0:19:01]} Qd4
{[%clk 0:18:36]} 14. O-O {[%clk 0:18:57]} Qxe5 {[%clk 0:18:30]} 15. g3
{[%clk 0:18:51]} a5 {[%clk 0:18:20]} 16. Bf4 {[%clk 0:18:48]} Qxf4
{[%clk 0:18:05]} 17. gxf4 {[%clk 0:18:46]} gxf4 {[%clk 0:18:02]} 18. Qxf6
{[%clk 0:18:41]} a4 19. Bc4 {[%clk 0:18:27]} b5 {[%clk 0:17:51]} 20. Bf7
{[%clk 0:18:21]} h5 {[%clk 0:17:35]} 21. Nc3 {[%clk 0:18:18]} h4 {[%clk 0:17:32]}
22. Rae1 {[%clk 0:18:08]} h3 {[%clk 0:17:17]} 23. e5 {[%clk 0:18:01]} b4
{[%clk 0:17:06]} 24. Nb5+ {[%clk 0:17:56]} cxb5 {[%clk 0:17:03]} 25. Qe7
{[%clk 0:17:52]} f3 {[%clk 0:16:46]} 26. e6 {[%clk 0:17:50]} Ra6 {[%clk 0:16:37]}
27. exd7 {[%clk 0:17:48]} Bxd7 28. Qe5+ {[%clk 0:17:38]} Rd6 {[%clk 0:16:30]} 29.
Re4 {[%clk 0:17:34]} Bc6 {[%clk 0:16:16]} 30. Qe7+ {[%clk 0:17:32]} Rd7
{[%clk 0:16:13]} 31. Qe6 {[%clk 0:17:26]} Bxe4 {[%clk 0:16:08]} 32. Qxe4
{[%clk 0:17:23]} Rxf7 {[%clk 0:16:02]} 33. c3 {[%clk 0:17:18]} bxc3
{[%clk 0:16:00]} 34. bxc3 {[%clk 0:17:17]} a3 {[%clk 0:15:58]} 35. c4
{[%clk 0:17:14]} bxc4 {[%clk 0:15:56]} 36. dxc4 {[%clk 0:17:13]} Kd7
{[%clk 0:15:53]} 37. c5 {[%clk 0:17:12]} Re7 {[%clk 0:15:52]} 38. c6+
{[%clk 0:17:10]} Kd6 {[%clk 0:15:49]} 39. Qb4+ {[%clk 0:17:07]} Kxc6
{[%clk 0:15:44]} 40. Qxe7 {[%clk 0:17:05]} Kb5 {[%clk 0:15:41]} 41. Qxa3
{[%clk 0:17:02]} Kc4 {[%clk 0:15:40]} 42. Qxf3 {[%clk 0:17:00]} Kd4
{[%clk 0:15:38]} 43. Qxh3 {[%clk 0:16:56]} Ke4 {[%clk 0:15:37]} 44. Re1+
{[%clk 0:16:52]} Kf4 {[%clk 0:15:35]} 45. Qg3+ Kf5 {[%clk 0:15:31]} 46. Qe5+
{[%clk 0:16:40]} Kg4 {[%clk 0:15:29]} 47. Qf6 {[%clk 0:16:36]} Kh3
{[%clk 0:15:26]} 48. Qg7 {[%clk 0:16:31]} Kh4 {[%clk 0:15:22]} 49. Re4+
{[%clk 0:16:25]} Kh5 {[%clk 0:15:18]} 50. Re5+ {[%clk 0:16:23]} Kh4
{[%clk 0:15:15]} 51. Qg3# {[%clk 0:16:20]} 1-0

[Event "Nationale pupillendag 2013"]
[Site "Roosendaal"]
[Date "2013.06.15"]
[Round "6.14"]
[White "Bleeker, Kasper"]
[Black "Van den Assem, Jiri"]
[Result "1-0"]
[LiveChessVersion "1.4.2"]
[BlackElo "322"]
[WhiteElo "587"]

1. e4 {[%clk 0:19:59]} e5 {[%clk 0:19:57]} 2. Nf3 {[%clk 0:19:56]} Nc6
{[%clk 0:19:53]} 3. Nc3 Nf6 4. Bc4 {[%clk 0:19:47]} Bc5 {[%clk 0:19:47]} 5. d3
{[%clk 0:19:47]} d6 {[%clk 0:19:41]} 6. Bg5 h6 7. Bxf6 Qxf6 8. Nd5 Qd8 9. O-O Bg4
10. h3 Bxf3 11. Qxf3 Bd4 12. Nb6 {[%clk 0:18:13]} O-O {[%clk 0:19:28]} 13. Nxa8
{[%clk 0:18:07]} Qxa8 {[%clk 0:19:21]} 14. Bd5 {[%clk 0:17:55]} Bxb2
{[%clk 0:19:12]} 15. Rab1 Nd4 16. Qh5 {[%clk 0:17:16]} Nxc2 {[%clk 0:18:36]} 17.
Rxb2 {[%clk 0:17:08]} Nd4 {[%clk 0:18:26]} 18. Bxb7 {[%clk 0:17:03]} Qb8
{[%clk 0:18:14]} 19. Rfb1 {[%clk 0:16:56]} Kh7 {[%clk 0:17:57]} 20. Bd5
{[%clk 0:16:45]} g6 {[%clk 0:17:54]} 21. Rxb8 {[%clk 0:16:35]} gxh5
{[%clk 0:17:47]} 22. Rxf8 {[%clk 0:16:33]} Ne2+ {[%clk 0:17:35]} 23. Kf1
{[%clk 0:16:27]} Nf4 {[%clk 0:17:29]} 24. Rxf7+ {[%clk 0:16:22]} Kg6
{[%clk 0:17:22]} 25. Rxf4 {[%clk 0:16:18]} exf4 {[%clk 0:17:20]} 26. Rb7
{[%clk 0:16:15]} c6 {[%clk 0:17:09]} 27. Bxc6 {[%clk 0:16:08]} a6
{[%clk 0:17:05]} 28. Ra7 {[%clk 0:16:01]} Kf6 {[%clk 0:16:50]} 29. Rxa6
{[%clk 0:15:53]} Ke5 {[%clk 0:16:37]} 30. Be8 {[%clk 0:15:45]} h4
{[%clk 0:16:30]} 31. a4 {[%clk 0:15:40]} Kd4 {[%clk 0:16:26]} 32. Rxd6+
{[%clk 0:15:37]} Kc3 {[%clk 0:16:10]} 33. a5 {[%clk 0:15:26]} Kd2
{[%clk 0:16:00]} 34. a6 Kd1 35. a7 Kd2 36. a8=Q h5 {[%clk 0:15:54]} 37. Bxh5
{[%clk 0:14:31]} Kc3 {[%clk 0:15:48]} 38. Rc6+ {[%clk 0:14:23]} Kd2
{[%clk 0:15:42]} 39. Qa2+ Kd1 40. Qe2# 1-0

[Event "Nationale pupillendag 2013"]
[Site "Roosendaal"]
[Date "2013.06.15"]
[Round "6.15"]
[White "Raulji, Kavya"]
[Black "Kentstra, Thomas"]
[Result "0-1"]
[LiveChessVersion "1.4.2"]
[BlackElo "564"]
[WhiteElo "189"]

1. e4 {[%clk 0:19:59]} e5 {[%clk 0:19:57]} 2. Nf3 {[%clk 0:19:57]} Nf6
{[%clk 0:19:53]} 3. Nxe5 {[%clk 0:19:54]} d6 {[%clk 0:19:51]} 4. Nf3
{[%clk 0:19:48]} Nxe4 5. Nc3 {[%clk 0:19:44]} Nxc3 {[%clk 0:19:41]} 6. bxc3
{[%clk 0:19:42]} Bf5 {[%clk 0:19:27]} 7. Bc4 {[%clk 0:19:38]} d5 {[%clk 0:19:21]}
8. Qe2+ {[%clk 0:19:36]} Be7 {[%clk 0:19:08]} 9. Bb5+ {[%clk 0:19:20]} c6
{[%clk 0:19:04]} 10. Ba4 {[%clk 0:19:17]} b5 {[%clk 0:18:41]} 11. Bb3
{[%clk 0:19:16]} a5 {[%clk 0:18:23]} 12. d4 {[%clk 0:19:14]} a4 {[%clk 0:18:19]}
13. Bg5 {[%clk 0:19:10]} f6 {[%clk 0:18:13]} 14. Bf4 {[%clk 0:19:00]} axb3
{[%clk 0:18:07]} 15. cxb3 {[%clk 0:18:59]} O-O {[%clk 0:17:58]} 16. O-O
{[%clk 0:18:49]} Bd6 {[%clk 0:17:32]} 17. Bxd6 {[%clk 0:18:31]} Qxd6
{[%clk 0:17:25]} 18. Nh4 {[%clk 0:18:18]} Qf4 {[%clk 0:17:05]} 19. g3
{[%clk 0:18:14]} Qg5 {[%clk 0:16:54]} 20. f4 {[%clk 0:18:06]} Qh6
{[%clk 0:16:19]} 21. Nxf5 {[%clk 0:18:01]} Qh3 {[%clk 0:16:10]} 22. Qe6+
{[%clk 0:17:52]} Kh8 {[%clk 0:15:49]} 23. Qe7 {[%clk 0:17:46]} Qxf5
{[%clk 0:15:38]} 24. Rae1 {[%clk 0:17:16]} Nd7 {[%clk 0:15:31]} 25. Re6
{[%clk 0:16:56]} Rfe8 {[%clk 0:14:04]} 26. Qxd7 {[%clk 0:16:40]} Rxe6
{[%clk 0:13:58]} 27. Qb7 {[%clk 0:16:33]} Ree8 {[%clk 0:13:45]} 28. Qxc6
{[%clk 0:16:28]} h6 {[%clk 0:13:28]} 29. Qxb5 {[%clk 0:16:23]} Re2
{[%clk 0:13:24]} 30. Qb7 {[%clk 0:16:14]} Rg8 {[%clk 0:12:57]} 31. a4
{[%clk 0:16:04]} Qh3 {[%clk 0:12:50]} 32. Qxd5 {[%clk 0:15:57]} Qxh2#
{[%clk 0:12:45]} 0-1

[Event "Nationale pupillendag 2013"]
[Site "Roosendaal"]
[Date "2013.06.15"]
[Round "6.16"]
[White "Mooibroek, Willem"]
[Black "Allaart, Janne"]
[Result "1-0"]
[LiveChessVersion "1.4.2"]
[BlackElo "217"]
[WhiteElo "358"]

1. e4 {[%clk 0:19:58]} e5 {[%clk 0:19:58]} 2. Nf3 {[%clk 0:19:56]} Nc6
{[%clk 0:19:56]} 3. Bc4 {[%clk 0:19:52]} Bc5 {[%clk 0:19:41]} 4. c3
{[%clk 0:19:49]} Nf6 {[%clk 0:19:34]} 5. d4 {[%clk 0:19:47]} exd4
{[%clk 0:19:29]} 6. cxd4 {[%clk 0:19:45]} Bb4+ {[%clk 0:19:24]} 7. Nc3
{[%clk 0:19:43]} Bxc3+ {[%clk 0:19:17]} 8. bxc3 {[%clk 0:19:42]} Nxe4
{[%clk 0:19:09]} 9. Qe2 {[%clk 0:19:39]} f5 {[%clk 0:18:59]} 10. Ng5
{[%clk 0:19:22]} O-O {[%clk 0:18:32]} 11. Nxe4+ {[%clk 0:19:20]} fxe4
{[%clk 0:18:28]} 12. Qxe4+ {[%clk 0:19:16]} Kh8 {[%clk 0:17:59]} 13. d5
{[%clk 0:18:59]} Na5 {[%clk 0:17:41]} 14. Bd3 {[%clk 0:18:56]} d6
{[%clk 0:17:28]} 15. Qxh7# 1-0

[Event "Nationale pupillendag 2013"]
[Site "Roosendaal"]
[Date "2013.06.15"]
[Round "6.17"]
[White "Adema, Wessel"]
[Black "Honkoop, Stella"]
[Result "1-0"]
[LiveChessVersion "1.4.2"]
[BlackElo "377"]
[WhiteElo "557"]

1. e4 {[%clk 0:19:59]} e5 {[%clk 0:19:59]} 2. Nf3 {[%clk 0:19:58]} Nc6
{[%clk 0:19:57]} 3. Bc4 {[%clk 0:19:57]} Nf6 {[%clk 0:19:53]} 4. Nc3
{[%clk 0:19:56]} Bc5 {[%clk 0:19:46]} 5. d3 {[%clk 0:19:55]} d6 {[%clk 0:19:44]}
6. Bg5 {[%clk 0:19:53]} Bg4 {[%clk 0:19:41]} 7. Nd5 {[%clk 0:19:52]} Bxf3
{[%clk 0:19:31]} 8. Qxf3 {[%clk 0:19:49]} Nd4 {[%clk 0:19:08]} 9. Qg3
{[%clk 0:19:09]} Nxc2+ {[%clk 0:19:00]} 10. Kd1 {[%clk 0:18:47]} Nxa1
{[%clk 0:18:57]} 11. Bxf6 {[%clk 0:18:34]} gxf6 {[%clk 0:18:55]} 12. Qg7
{[%clk 0:18:27]} Rf8 {[%clk 0:18:32]} 13. Nxf6+ {[%clk 0:18:19]} Ke7
{[%clk 0:18:27]} 14. Nxh7 {[%clk 0:17:58]} Rg8 {[%clk 0:18:04]} 15. Qxf7#
{[%clk 0:17:38]} 1-0

[Event "Nationale pupillendag 2013"]
[Site "Roosendaal"]
[Date "2013.06.15"]
[Round "6.20"]
[White "Tran, Kimmily"]
[Black "Huynh, Selina"]
[Result "1-0"]
[LiveChessVersion "1.4.2"]
[BlackElo "286"]
[WhiteElo "457"]

1. e4 {[%clk 0:19:58]} e5 {[%clk 0:19:59]} 2. Nf3 {[%clk 0:19:57]} Nc6
{[%clk 0:19:57]} 3. Bc4 {[%clk 0:19:54]} Bc5 {[%clk 0:19:53]} 4. c3
{[%clk 0:19:52]} Nf6 {[%clk 0:19:48]} 5. d4 {[%clk 0:19:49]} exd4
{[%clk 0:19:42]} 6. cxd4 {[%clk 0:19:46]} Bxd4 7. Nxd4 {[%clk 0:19:33]} Nxd4
{[%clk 0:19:34]} 8. Qxd4 {[%clk 0:19:30]} O-O {[%clk 0:19:27]} 9. O-O
{[%clk 0:19:11]} d6 {[%clk 0:19:24]} 10. h3 {[%clk 0:19:01]} c5 {[%clk 0:19:18]}
11. Qd1 {[%clk 0:18:31]} Nxe4 {[%clk 0:19:02]} 12. Bf4 {[%clk 0:18:08]} a6
{[%clk 0:18:30]} 13. Bb3 {[%clk 0:17:40]} d5 {[%clk 0:18:15]} 14. Bc2
{[%clk 0:17:15]} Bf5 {[%clk 0:18:01]} 15. Nc3 {[%clk 0:16:33]} c4
{[%clk 0:17:48]} 16. Bxe4 {[%clk 0:15:59]} dxe4 {[%clk 0:17:46]} 17. Qh5
{[%clk 0:15:16]} Qd7 {[%clk 0:17:21]} 18. Rad1 {[%clk 0:14:27]} Qe7
{[%clk 0:17:05]} 19. Qxf5 {[%clk 0:14:08]} g6 {[%clk 0:16:44]} 20. Qa5
{[%clk 0:13:32]} Rad8 {[%clk 0:16:17]} 21. Rfe1 {[%clk 0:12:55]} Rxd1
{[%clk 0:15:53]} 22. Rxd1 {[%clk 0:12:50]} Rb8 {[%clk 0:15:22]} 23. Rd4
{[%clk 0:12:27]} b6 {[%clk 0:15:09]} 24. Qxa6 {[%clk 0:12:14]} Re8
{[%clk 0:14:37]} 25. Rxe4 {[%clk 0:12:08]} Qd7 {[%clk 0:14:33]} 26. Qxc4
{[%clk 0:11:35]} Re7 {[%clk 0:14:08]} 27. Nd5 {[%clk 0:11:08]} Re6
{[%clk 0:13:52]} 28. a4 {[%clk 0:10:39]} Qe8 {[%clk 0:13:11]} 29. b4
{[%clk 0:10:15]} Rxe4 {[%clk 0:13:04]} 30. Qd3 {[%clk 0:09:34]} Re1+
{[%clk 0:12:59]} 31. Kh2 {[%clk 0:09:27]} Rc1 {[%clk 0:12:34]} 32. Bxc1
{[%clk 0:09:17]} Qe5+ {[%clk 0:12:14]} 33. g3 {[%clk 0:09:15]} h5
{[%clk 0:11:52]} 34. a5 {[%clk 0:09:11]} bxa5 {[%clk 0:11:45]} 35. bxa5
{[%clk 0:09:08]} h4 {[%clk 0:11:33]} 36. a6 {[%clk 0:08:51]} Qe8 {[%clk 0:11:07]}
37. gxh4 {[%clk 0:08:30]} Qb8+ {[%clk 0:10:54]} 38. Kg1 {[%clk 0:08:17]} Qc8
{[%clk 0:10:19]} 39. Bf4 {[%clk 0:08:06]} Qa8 {[%clk 0:09:41]} 40. Bh6
{[%clk 0:07:51]} Kh7 {[%clk 0:09:12]} 41. Nc7 {[%clk 0:07:42]} Qa7
{[%clk 0:08:57]} 42. Bg5 {[%clk 0:07:09]} Qxc7 {[%clk 0:08:42]} 43. Qf3
{[%clk 0:06:42]} Qa5 {[%clk 0:08:10]} 44. Qxf7+ {[%clk 0:06:36]} Kh8
{[%clk 0:08:00]} 45. Bh6 {[%clk 0:06:28]} Qa1+ {[%clk 0:07:50]} 46. Kg2
{[%clk 0:06:23]} Qb2 {[%clk 0:07:38]} 47. a7 {[%clk 0:06:06]} Qa1
{[%clk 0:07:20]} 48. a8=R+ Qxa8+ 49. Qg7# 1-0